00758nam a2200205 4500003000900000020001800009040002800027100001900055245006200074250002400136260003100160300007900191490005900270500004300329650003600372650003100408650004400439650004400483700002500527CO-ViMGA a9789588954547 aCO-ViMGAbspacCO-ViMGA1 aBertrand, Sara10aLa mujer de la guarda /cSara Bertrand y Alejandra Acosta a Edición especial aBogotá :bBabel, c2017. a74 páginas, [20] páginas sin numerar :bilustraciones a color ; 22 cm. aPlan Nacional de Lectura y Escritura Leer es mi cuento aIncluye datos biográficos del autor.14a Libros Ilustrados Para Niños14aÁngeles En La Literatura14aCuentos Infantiles Chilenos - Siglo XXI14aLiteratura Infantil Chilena - Siglo XXI1 aI. Acosta, Alejandra